Electrical engineering: principles and applications / (Record no. 190923)
[ view plain ]
| 000 -LEADER | |
|---|---|
| fixed length control field | 01113 a2200193 4500 |
| 003 - CONTROL NUMBER IDENTIFIER | |
| control field | Nust |
| 005 - DATE AND TIME OF LATEST TRANSACTION | |
| control field | 20221024180153.0 |
| 040 ## - CATALOGING SOURCE | |
| Transcribing agency | Nust |
| 082 ## - DEWEY DECIMAL CLASSIFICATION NUMBER | |
| Classification number | 621.3,HAM |
| 100 ## - MAIN ENTRY--PERSONAL NAME | |
| Personal name | Hambley, Allan R. |
| 9 (RLIN) | 57110 |
| 245 ## - TITLE STATEMENT | |
| Title | Electrical engineering: principles and applications / |
| Statement of responsibility, etc. | Allan R. Hambley |
| 250 ## - EDITION STATEMENT | |
| Edition statement | 2nd |
| 260 ## - PUBLICATION, DISTRIBUTION, ETC. | |
| Place of publication, distribution, etc. | New Delhi |
| Name of publisher, distributor, etc. | Prentice' Hall of India PVT |
| 300 ## - PHYSICAL DESCRIPTION | |
| Extent | xvii,846 P; |
| 440 ## - SERIES STATEMENT/ADDED ENTRY--TITLE | |
| Title | Electrical engineering (technology) |
| 9 (RLIN) | 101310 |
| 505 ## - FORMATTED CONTENTS NOTE | |
| Formatted contents note | Introduction(Page-2), Resistive Circuits (Page-43), Inductance and Capacitance (Page-109), Transients (Page-143 ), Study – State Sinusoidal Sinusoidal Analysis (Page-181), Frequency Response , Bode Plots, and Resonance (Page-244), Logic Circuits (Page-308), Microcomputer (Page-356), Computer – Based Instrumentation systems (Page-390), Diodes (Page-422), Amplifiers (Page-465), Field – Effect Transistors (Page-521), Bipolar Junction Transistors (Page-559), Operational Amplifiers (Page-607), Magnetic Circuits and Transformers (Page-662), Machines (Page-708), Ac Machines (Page-753). |
| 650 ## - SUBJECT ADDED ENTRY--TOPICAL TERM | |
| Topical term or geographic name entry element | Electrical engineering |
| 942 ## - ADDED ENTRY ELEMENTS (KOHA) | |
| Source of classification or shelving scheme | |
| Koha item type | Book |
| Withdrawn status | Lost status | Source of classification or shelving scheme | Damaged status | Not for loan | Permanent Location | Current Location | Shelving location | Date acquired | Full call number | Barcode | Date last seen | Price effective from | Koha item type | Public note |
|---|---|---|---|---|---|---|---|---|---|---|---|---|---|---|
| Military College of Signals (MCS) | Military College of Signals (MCS) | General Stacks | 12/12/2016 | 621.3,HAM | MCS32591 | 12/08/2016 | 12/12/2016 | Book | Almirah No.28, Shelf No.2 |
